2014 NFL Draft First Round - Statistics

General Stats
  • This quiz has been taken 2,044 times
  • The average score is 12 of 32
Answer Stats
Answer % Correct
HOU Jadeveon Clowney
92%
JAX Blake Bortles
72%
OAK Khalil Mack
64%
NYG Odell Beckham
62%
BUF Sammy Watkins
62%
CLE Johnny Manziel
60%
TB Mike Evans
56%
STL Greg Robinson
53%
MIN Teddy Bridgewater
52%
STL Aaron Donald
50%
ATL Jake Matthews
42%
CLE Justin Gilbert
38%
DAL Zack Martin
37%
PHI Marcus Smith
36%
MIN Anthony Barr
35%
DET Eric Ebron
34%
NO Brandin Cooks
30%
GB Ha Ha Clinton-Dix
30%
CAR Kelvin Benjamin
30%
PIT Ryan Shazier
30%
TEN Taylor Lewan
29%
BAL CJ Mosley
27%
CHI Kyle Fuller
26%
NYJ Calvin Pryor
23%
CIN Darqueze Dennard
21%
DEN Bradley Roby
20%
SD Jason Verrett
19%
MIA Jawuan James
19%
KC Dee Ford
18%
SF Jimmie Ward
18%
NE Dominique Easley
16%
ARI Deone Bucannon
15%
No matching quizzes found
Score Distribution
Percent of People with Each Score
Percentile by Number Answered
Your Score History
You have not taken this quiz